<?xml version="1.0" encoding="UTF-8"?>
<collection xmlns="http://www.loc.gov/MARC21/slim">
 <record>
  <leader>01209aam a22002058a 4500</leader>
  <controlfield tag="001">NCT_140062</controlfield>
  <controlfield tag="008">150702s2015                  ||||||viesd</controlfield>
  <datafield tag="999" ind1=" " ind2=" ">
   <subfield code="c">7217</subfield>
   <subfield code="d">7217</subfield>
  </datafield>
  <datafield tag="020" ind1=" " ind2=" ">
   <subfield code="c">86000</subfield>
  </datafield>
  <datafield tag="082" ind1="0" ind2="4">
   <subfield code="2">23rd ed.</subfield>
   <subfield code="a">579.562</subfield>
   <subfield code="b">Ph120</subfield>
  </datafield>
  <datafield tag="100" ind1="1" ind2=" ">
   <subfield code="a">Lương Đức Phẩm</subfield>
  </datafield>
  <datafield tag="245" ind1="1" ind2="0">
   <subfield code="a">Nấm men công nghiệp</subfield>
   <subfield code="c">Lương Đức Phẩm</subfield>
  </datafield>
  <datafield tag="250" ind1=" " ind2=" ">
   <subfield code="a">Tái bản lần thứ 2, có sửa chữa, bổ sung</subfield>
  </datafield>
  <datafield tag="260" ind1=" " ind2=" ">
   <subfield code="a">H.</subfield>
   <subfield code="b">Khoa học và Kỹ thuật</subfield>
   <subfield code="c">2009</subfield>
  </datafield>
  <datafield tag="300" ind1=" " ind2=" ">
   <subfield code="a">331 tr.</subfield>
   <subfield code="b">Minh họa</subfield>
   <subfield code="c">27cm</subfield>
  </datafield>
  <datafield tag="520" ind1="3" ind2=" ">
   <subfield code="a">Trình bày kiến thức cơ bản về phân loại, hình thái, sinh lí nấm men. Các quá trình trao đổi chất và sản phẩm của tế bào nấm men. Các sản phẩm lên men; cách sản xuất cồn-rượu etylic, bia, rượu vang, sinh khối nấm men. Vi sinh vật tạp nhiễm và tuyển chọn nấm men.</subfield>
  </datafield>
  <datafield tag="653" ind1=" " ind2=" ">
   <subfield code="a">Công nghệ thực phẩm</subfield>
  </datafield>
  <datafield tag="942" ind1=" " ind2=" ">
   <subfield code="2">ddc</subfield>
   <subfield code="c">BK</subfield>
  </datafield>
  <datafield tag="952" ind1=" " ind2=" ">
   <subfield code="0">0</subfield>
   <subfield code="1">0</subfield>
   <subfield code="2">ddc</subfield>
   <subfield code="4">0</subfield>
   <subfield code="6">579_562000000000000_PH120</subfield>
   <subfield code="7">0</subfield>
   <subfield code="9">25932</subfield>
   <subfield code="a">000001</subfield>
   <subfield code="b">000001</subfield>
   <subfield code="d">2022-07-30</subfield>
   <subfield code="o">579.562 Ph120</subfield>
   <subfield code="p">MD.20477</subfield>
   <subfield code="r">2022-07-30</subfield>
   <subfield code="v">86000.00</subfield>
   <subfield code="w">2022-07-30</subfield>
   <subfield code="y">BK</subfield>
  </datafield>
  <datafield tag="980" ind1=" " ind2=" ">
   <subfield code="a">Thư viện Trường Đại học Nam Cần Thơ</subfield>
  </datafield>
 </record>
</collection>
